<?xml version="1.0" encoding="UTF-8"?>
<record
    xmlns:xsi="http://www.w3.org/2001/XMLSchema-instance"
    xsi:schemaLocation="http://www.loc.gov/MARC21/slim http://www.loc.gov/standards/marcxml/schema/MARC21slim.xsd"
    xmlns="http://www.loc.gov/MARC21/slim">

  <leader>02679nam a2200445uu 4500</leader>
  <controlfield tag="001">1350895</controlfield>
  <controlfield tag="005">20260508084432.0</controlfield>
  <controlfield tag="007">co|||||||</controlfield>
  <controlfield tag="008">131121s2013                        spa  </controlfield>
  <datafield tag="035" ind1=" " ind2=" ">
    <subfield code="a">1350895</subfield>
  </datafield>
  <datafield tag="040" ind1=" " ind2=" ">
    <subfield code="c">comduadb</subfield>
  </datafield>
  <datafield tag="041" ind1=" " ind2=" ">
    <subfield code="a">spa</subfield>
  </datafield>
  <datafield tag="080" ind1=" " ind2=" ">
    <subfield code="a">T/CD</subfield>
  </datafield>
  <datafield tag="082" ind1=" " ind2="4">
    <subfield code="a">155</subfield>
  </datafield>
  <datafield tag="100" ind1="1" ind2="0">
    <subfield code="a">Piedrahita Mu&#xF1;oz, Willer Joan</subfield>
    <subfield code="4">aut</subfield>
    <subfield code="e">aut</subfield>
    <subfield code="9">711156</subfield>
  </datafield>
  <datafield tag="245" ind1="1" ind2="0">
    <subfield code="a">Influencia de las redes sociales de internet en la construcci&#xF3;n de la identidad adolescente</subfield>
  </datafield>
  <datafield tag="260" ind1=" " ind2=" ">
    <subfield code="a">Medell&#xED;n :</subfield>
    <subfield code="b">Autor(a),</subfield>
    <subfield code="c">2013.</subfield>
  </datafield>
  <datafield tag="300" ind1=" " ind2=" ">
    <subfield code="a">1 CD-ROM</subfield>
  </datafield>
  <datafield tag="520" ind1="3" ind2=" ">
    <subfield code="a">El presente trabajo se realiza con el objetivo de identificar y comprender como se da la construcci&#xF3;n de la identidad adolescente en edades entre 12 y 15 a&#xF1;os frente al uso de las redes sociales de internet. El trabajo se realiz&#xF3; como una investigaci&#xF3;n cualitativa con un enfoque hist&#xF3;rico hermen&#xE9;utico, tomando en cuenta la etnograf&#xED;a virtual para la observaci&#xF3;n directa de los procesos que se llevan a cabo en las redes sociales de internet; para la recolecci&#xF3;n de informaci&#xF3;n se hizo uso de la encuesta y el taller reflexivo. El grupo de estudio fueron los estudiantes del grado s&#xE9;ptimo de la Instituci&#xF3;n Educativa Tulio Ospina, Sede Francisco Jos&#xE9; de Caldas, de la ciudad de Medell&#xED;n, donde inicialmente se realiz&#xF3; una encuesta a 17 adolescentes y posteriormente se hizo la aplicaci&#xF3;n de un taller a 30 de los alumnos, los cuales hac&#xED;an parte del curso, todos estos en un rango de edad de 1 -15 a&#xF1;os. La presentaci&#xF3;n de los resultados se realiz&#xF3; mediante un an&#xE1;lisis metodol&#xF3;gico, en el cual se encuentra el an&#xE1;lisis de la encuesta y del taller, an&#xE1;lisis categorial y clasificaci&#xF3;n adolescente.</subfield>
  </datafield>
  <datafield tag="650" ind1=" " ind2="7">
    <subfield code="a">Identidad</subfield>
    <subfield code="2">lemb</subfield>
    <subfield code="9">32648</subfield>
  </datafield>
  <datafield tag="650" ind1=" " ind2="7">
    <subfield code="a">Identidad (Psicolog&#xED;a)</subfield>
    <subfield code="2">lemb</subfield>
    <subfield code="9">72613</subfield>
  </datafield>
  <datafield tag="650" ind1=" " ind2=" ">
    <subfield code="a">Adolescencia</subfield>
    <subfield code="9">4749</subfield>
  </datafield>
  <datafield tag="650" ind1=" " ind2=" ">
    <subfield code="a">Adolescencia y psicopatologia</subfield>
    <subfield code="9">178688</subfield>
  </datafield>
  <datafield tag="650" ind1=" " ind2="7">
    <subfield code="a">Redes sociales en Internet</subfield>
    <subfield code="2">embne</subfield>
    <subfield code="9">187978</subfield>
  </datafield>
  <datafield tag="650" ind1=" " ind2="0">
    <subfield code="a">Redes sociales</subfield>
    <subfield code="9">52123</subfield>
  </datafield>
  <datafield tag="650" ind1=" " ind2=" ">
    <subfield code="a">Identidades virtuales</subfield>
    <subfield code="9">188193</subfield>
  </datafield>
  <datafield tag="650" ind1=" " ind2="0">
    <subfield code="a">Tecnolog&#xED;as de la informaci&#xF3;n y de la comunicaci&#xF3;n</subfield>
    <subfield code="9">200985</subfield>
  </datafield>
  <datafield tag="650" ind1=" " ind2=" ">
    <subfield code="a">Tecnolog&#xED;a de la informaci&#xF3;n y la comunicaci&#xF3;n (TIC) - Aspectos psicol&#xF3;gicos</subfield>
    <subfield code="9">187455</subfield>
  </datafield>
  <datafield tag="650" ind1=" " ind2=" ">
    <subfield code="a">Uso de la tecnolog&#xED;a</subfield>
    <subfield code="9">186640</subfield>
  </datafield>
  <datafield tag="650" ind1=" " ind2=" ">
    <subfield code="a">Internet y j&#xF3;venes</subfield>
    <subfield code="9">192939</subfield>
  </datafield>
  <datafield tag="650" ind1=" " ind2="7">
    <subfield code="a">Internet</subfield>
    <subfield code="2">armarc</subfield>
    <subfield code="9">23963</subfield>
  </datafield>
  <datafield tag="650" ind1=" " ind2="7">
    <subfield code="a">Psicolog&#xED;a del adolescente</subfield>
    <subfield code="2">lemb</subfield>
    <subfield code="9">31974</subfield>
  </datafield>
  <datafield tag="650" ind1=" " ind2=" ">
    <subfield code="a">Identidades juveniles</subfield>
    <subfield code="9">102143</subfield>
  </datafield>
  <datafield tag="700" ind1="1" ind2="0">
    <subfield code="a">Agudelo L&#xF3;pez, Leidy Julieth</subfield>
    <subfield code="4">aut</subfield>
    <subfield code="e">aut</subfield>
    <subfield code="9">691702</subfield>
  </datafield>
  <datafield tag="700" ind1="1" ind2="0">
    <subfield code="a">P&#xE9;rez Torres, Maura Alejandra</subfield>
    <subfield code="4">aut</subfield>
    <subfield code="e">aut</subfield>
    <subfield code="9">711324</subfield>
  </datafield>
  <datafield tag="700" ind1="1" ind2="0">
    <subfield code="a">Lotero Casta&#xF1;eda, Juan Carlos</subfield>
    <subfield code="4">ths</subfield>
    <subfield code="e">ths</subfield>
    <subfield code="9">462389</subfield>
  </datafield>
  <datafield tag="942" ind1=" " ind2=" ">
    <subfield code="c">TESIS</subfield>
  </datafield>
  <datafield tag="999" ind1=" " ind2=" ">
    <subfield code="c">662853</subfield>
    <subfield code="d">662853</subfield>
  </datafield>
  <datafield tag="502" ind1=" " ind2=" ">
    <subfield code="b">105</subfield>
    <subfield code="c">12</subfield>
  </datafield>
  <datafield tag="526" ind1=" " ind2=" ">
    <subfield code="a">106</subfield>
  </datafield>
  <datafield tag="952" ind1=" " ind2=" ">
    <subfield code="0">0</subfield>
    <subfield code="1">0</subfield>
    <subfield code="4">0</subfield>
    <subfield code="7">0</subfield>
    <subfield code="8">DIGITAL</subfield>
    <subfield code="a">CISH</subfield>
    <subfield code="b">CISH</subfield>
    <subfield code="d">2013-11-21</subfield>
    <subfield code="e">Material adquirido por donaci&#xF3;n</subfield>
    <subfield code="i">C1192202</subfield>
    <subfield code="l">0</subfield>
    <subfield code="o">T/CD-09948</subfield>
    <subfield code="p">15985785</subfield>
    <subfield code="r">2023-05-02 00:00:00</subfield>
    <subfield code="t">1</subfield>
    <subfield code="w">2023-05-02</subfield>
    <subfield code="y">DIGITAL</subfield>
  </datafield>
  <datafield tag="952" ind1=" " ind2=" ">
    <subfield code="0">0</subfield>
    <subfield code="1">0</subfield>
    <subfield code="4">0</subfield>
    <subfield code="7">0</subfield>
    <subfield code="8">TESDIGBC</subfield>
    <subfield code="a">BC</subfield>
    <subfield code="b">BC</subfield>
    <subfield code="d">2013-12-05</subfield>
    <subfield code="e">Material adquirido por donaci&#xF3;n</subfield>
    <subfield code="i">C1193358</subfield>
    <subfield code="l">0</subfield>
    <subfield code="o">155.5 P613 CR-ROM</subfield>
    <subfield code="p">0984290</subfield>
    <subfield code="r">2024-10-23 00:00:00</subfield>
    <subfield code="t">1</subfield>
    <subfield code="w">2023-05-02</subfield>
    <subfield code="y">DIGITAL</subfield>
  </datafield>
</record>
